Charles R. Wittemann and Adolph Wittemann account book, (Record no. 42815)
[ view plain ]
| 000 -LEADER | |
|---|---|
| fixed length control field | 00924cpcaa22002537a 4500 |
| 001 - CONTROL NUMBER | |
| control field | mm 80005884 |
| 003 - CONTROL NUMBER IDENTIFIER | |
| control field | DLC |
| 005 - DATE AND TIME OF LATEST TRANSACTION | |
| control field | 20260227111703.0 |
| 008 - FIXED-LENGTH DATA ELEMENTS--GENERAL INFORMATION | |
| fixed length control field | 800129|||||||||||| eng |
| 010 ## - LIBRARY OF CONGRESS CONTROL NUMBER | |
| LC control number | mm 80005884 |
| 040 ## - CATALOGING SOURCE | |
| Original cataloging agency | DLC |
| Transcribing agency | DLC |
| Description conventions | dacs |
| Modifying agency | DLC |
| 072 #7 - SUBJECT CATEGORY CODE | |
| Subject category code | R |
| Source | lcmd |
| 100 1# - MAIN ENTRY--PERSONAL NAME | |
| Personal name | Wittemann, Charles R. |
| 245 00 - TITLE STATEMENT | |
| Title | Charles R. Wittemann and Adolph Wittemann account book, |
| Inclusive dates | 1910-1913. |
| 300 ## - PHYSICAL DESCRIPTION | |
| Extent | 1 |
| Type of unit | item. |
| 506 0# - RESTRICTIONS ON ACCESS NOTE | |
| Terms governing access | Open to research. |
| 520 8# - SUMMARY, ETC. | |
| Summary, etc. | Account book (57 pages). |
| 545 0# - BIOGRAPHICAL OR HISTORICAL DATA | |
| Biographical or historical data | Businessman. |
| 546 ## - LANGUAGE NOTE | |
| Language note | Collection material in English. |
| 580 ## - LINKING ENTRY COMPLEXITY NOTE | |
| Linking entry complexity note | Forms part of: Miscellaneous Manuscripts collection. |
| 656 #7 - INDEX TERM--OCCUPATION | |
| Occupation | Businessmen. |
| Source of term | itoamc |
| 700 1# - ADDED ENTRY--PERSONAL NAME | |
| Personal name | Wittemann, A. |
| Fuller form of name | (Adolph), |
| Dates associated with a name | 1845-1938. |
| Title of a work | Account book of Charles R. Wittemann and Adolph Wittemann |
| Date of a work | (1910-1913) |
No items available.